000 00141nam a22000857a 4500
082 _a823
100 _aUNKNOWN
245 _aJUG LEAD
942 _cBK
999 _c8351
_d8351